| 000 | 00709nam a2200253 i 4500 | ||
|---|---|---|---|
| 001 | bg | ||
| 100 | 1 | _aBurdzy, Janina. | |
| 245 | 1 | 0 |
_aElementy statystyki matematycznej / _cJanina Burdzy, Ewa Janik ; Politechnika Lubelska. |
| 250 | _aWyd. 2. | ||
| 260 |
_aLublin : _bWydawnictwa Uczelniane PL, _c1998. |
||
| 300 |
_a145 s. : _bwykr. ; _c24 cm. |
||
| 504 | _aBibliogr. s. 140. | ||
| 650 | 9 | _aStatystyka matematyczna | |
| 655 | _aPodręczniki akademickie | ||
| 700 | 1 | _aJanik, Ewa. | |
| 710 | 0 | _aPolitechnika Lubelska | |
| 020 | _a8387270873 | ||
| 040 | _cBPK | ||
| 041 | 0 | _apl | |
| 080 | _a519.2(075.8) | ||
| 920 | _a83-87270-87-3 | ||
| 942 | _cKS | ||
| 008 | s pl f |000 0 pol | ||
| 999 |
_c34615 _d34615 |
||
| 856 |
_uhttp://koha.tu.koszalin.pl/cgi-bin/koha/opac-detail.pl?biblionumber=34615 _yKatalog online BPK |
||